000 00475nam a2200193Ia 4500
003 GCL
008 140319s9999 xx 000 0 eng d
040 _aGCL /
_cGCL
082 0 4 _a843
_bR H
100 1 _aRABUTIN, BUSSY
245 1 0 _aHISTOIRE AMOAREUSE DES GOULES /
_cRABUTIN, BUSSY
260 _a[S.N] :
_bFOLIO ،
_c1993
300 _a314
650 0 4 _aLITERATURE
650 0 4 _aFICTION
650 0 4 _aFRENCH FICTION
650 0 4 _aFRENCH LITERATURE
942 _2ddc
_cBK
999 _c10520
_d10520